000 00647nam a2200265Ia 4500
008 210210b1935 xxu||||| |||| 00| 0 eng d
041 _aeng
082 _a491/1
100 _aRAMAKRISHNAIYA (K)
245 _aSandhi: a historical treatment of the principles of Euphonic combination in Telugu
260 _aMadras
_bUniversity of Madras
_c1935
650 _atreatment
650 _athe
650 _aTelugu
650 _aSandhi:
650 _aprinciples
650 _aof
650 _ain
650 _ahistorical
650 _aEuphonic
650 _acombination
650 _aa
690 _aTelugu Language
906 _a007034
999 _c141074
_d141074